| 000 | 01253cam a22003495a 4500 | ||
|---|---|---|---|
| 001 | 010697508 | ||
| 003 | EG-ScBUE | ||
| 005 | 20220417105713.0 | ||
| 008 | 961210r19991996enka f b 001 0 eng d | ||
| 020 | _a0582293235 (pbk) | ||
| 020 | _a9780582293236 (pbk) | ||
| 040 |
_aDLC _beng _erda _cDLC _dEG-ScBUE |
||
| 082 | 0 | 4 |
_a407.12 _222 _bLAN |
| 245 | 0 | 0 |
_aLanguage, literature, and the learner : _bcreative classroom practice / _cedited by Ronald Carter and John McRae. |
| 250 | _aReprint edition. | ||
| 264 | 1 |
_aLondon ; _aNew York : _bLongman, _c1999. |
|
| 300 |
_axxviii, 227 pages : _billustrations ; _c21 cm. |
||
| 336 |
_2rdacontent _atext _btxt |
||
| 337 |
_2rdamedia _aunmediated _bn |
||
| 338 |
_2rdacarrier _avolume _bnc |
||
| 490 | 0 |
_aApplied linguistics and language study ; _v35 |
|
| 504 | _aIncludes bibliographical references and index. | ||
| 650 | 7 |
_aPhilology _xStudy and teaching (Secondary) _2BUEsh _940343 |
|
| 650 | 7 |
_aLearning, Psychology of. _2BUEsh _939822 |
|
| 650 | 7 |
_aSecond language acquisition. _2BUEsh |
|
| 651 | _2BUEsh | ||
| 653 |
_cJuly2016 _bHHUUEENN |
||
| 655 |
_vReading book _934232 |
||
| 700 | 1 |
_aCarter, Ronald, _d1947- _eeditor _93521 |
|
| 700 | 1 |
_aMcRae, John, _eeditor _940334 |
|
| 942 |
_2ddc _e22 _k407.12 _cBB |
||
| 999 |
_c21966 _d21938 |
||